MARC

LEADER 00000nam0a2200000 4500
001 77315
005 20231031092724.0
010 |a 5286000150 
035 |a (RuTPU)RU\TPU\book\82898 
090 |a 77315 
100 |a 20050518d1989 k y0rusy50 ca 
101 0 |a rus 
102 |a RU 
105 |a a z 001zy 
200 1 |a Русловые процессы и динамика речных потоков на урбанизированных территориях  |f В. С. Боровков 
210 |a Ленинград  |c Гидрометеоиздат  |d 1989 
215 |a 286 с.  |c ил. 
320 |a Список литературы: с. 275-282 
320 |a Предметный указатель: с. 283-284 
610 1 |a гидрология 
610 1 |a речные потоки 
610 1 |a русловые потоки 
610 1 |a динамика 
610 1 |a турбулентность 
610 1 |a урбанизированные территории 
610 1 |a размыв 
610 1 |a течения 
610 1 |a речные воды 
610 1 |a качество 
675 |a 556.536  |v 3 
675 |a 556.537  |v 3 
700 1 |a Боровков  |b В. С.  |g Валерий Степанович 
801 1 |a RU  |b 63413507  |c 20050518  |g PSBO 
801 2 |a RU  |b 63413507  |c 20050524  |g PSBO 
942 |c BK